LDR 00801naa#a2200205#i#450# 001 EN\RIOR\bibl\115949 005 20260416154929.4 011 ## _a2409-5087 100 ## _a20260331b2026####ek#y0engy0150####ca 102 ## _aRU 200 1# _aAn International Legal Analysis of Peace Initiatives to Resolve the Conflict in Ukraine: From Minsk to Istanbul _eJournal article 210 1# _aMoscow _cPublishing Center RIOR _d2026 215 ## _a4 с. 608 ## _aJournal article _2local 675 ## _aМеждународное право. 341 _z 686 ## _aОбщественные науки в целом. 60 _2bbk 686 ## _aМеждународное право. 10.87 _2grnti 686 ## _aТеория государства и права. 10.07 _2grnti 700 #1 _aPuzyreva _gYuliya Vladimirovna 856 4# _abuildprod.ru _u